000 00540nam a2200193 a 4500
001 000043815
005 20201002045001.0
008 140506s1983 sp 000 0 spa d
020 _a8433900692
040 _aDO-SdBNP
_bspa
_cBNPHU
100 1 _aRacionero, Luis
_971661
245 1 0 _aDel paro al Ocio. /
_cLuis Racionero.
260 _aBarcelona, :
_bAnagrama,
_c1983.
300 _a149 p. ;
_c20 cm.
490 1 _aArgumentos
_v69
504 _aBibliografía p: 138
586 _aAnagrama de ensayo
_811
830 0 _aArgumentos
_n69
_971662
999 _c43304
_d43304